Trial and error: an oxford anthology of legal stories

Saved in:
書目詳細資料
Main Authors: Shapiro, Fred R (Author), Garry, Jane (Author)
格式: 圖書
語言:英语
出版: Nueva York Oxford University Press 1998
主題:
標簽: 添加標簽
沒有標簽, 成為第一個標記此記錄!

MARC

LEADER 00000nam a2200000 a 4500
001 UCP9152
003 CL-VaPUC
008 000317e19980000US |||||||||||||||||eng|d
082 0 4 |a 823  |b SHA  |2 21 
100 0 |a Shapiro, Fred R  |e author  |9 439551 
700 0 |a Garry, Jane  |e author  |9 439552 
245 1 0 |a Trial and error: an oxford anthology of legal stories 
300 |a 479 p 
942 |c BK 
945 |d 20000317 00:00:00  |a vberengu 
260 |a Nueva York  |b Oxford University Press  |c 1998 
650 7 |a DERECHO ESTADOUNIDENSE  |2 CL-VaPUC  |9 385416 
650 0 |a Ficción   |9 376687 
650 0 |a Novelas inglesas  |9 265220 
583 |a last modification  |c 20000317 00:00:00  |k Rodrigo Vera 
999 |c 285998  |d 285996 
952 |0 0  |1 0  |4 0  |6 823_000000000000000_SHA_1998  |7 0  |8 A  |9 331085  |a BIBDER  |b BIBDER  |d 2019-11-20  |i 3586731  |l 1  |m 4  |o 823 SHA 1998  |p 3586731  |q 2025-12-31  |r 2020-03-13  |s 2020-03-13  |w 2019-11-20  |y BK  |k DER